Statistics for Most followed Instagram accounts 2020

Click here to take the quiz!

General Stats

  • This quiz has been taken 25 times
  • The average score is 8 of 20

Answer Stats

FollowersName% Correct
241 mCristiano Ronaldo
86%
191 mKim Kardashian
71%
168 mLionel Messi
71%
205 mAriana Grande
64%
150 mJustin Bieber
57%
122 mKhloé Kardashian
57%
143 mNeymar
57%
140 mTaylor Swift
50%
155 mBeyoncé
43%
195 mSelena Gomez
43%
202 mDwayne Johnson
36%
374 mInstagram
36%
199 mKylie Jenner
36%
108 mKaty Perry
29%
133 mJennifer Lopez
21%
141 mKendall Jenner
21%
116 mMiley Cyrus
21%
146 mNational Geographic
14%
123 mNicki Minaj
14%
122 mNike
14%

Score Distribution

Percentile by Number Answered

Percent of People with Each Score

Your Score History

You have not taken this quiz